000 01524nam2a2200241 4500
001 RU\NLR\BIBL_A\012375464
005 20201110110614.0
010 _a978-5-00136-098-8
_bч. 2
021 _aRU
_bКН-П-20-035927
_9КН-П-20-2732
035 _a(NLR Aleph) 012375464
035 _a(RuMoRGB)010363920
090 _a11596289
_c11596290
100 _a20201012d2020 c y0rusy50 ca
101 0 _arus
102 _aRU
105 _aa j 000zy
200 0 _aЧ. 2
215 _a142, [1] с.
_cил.
461 0 _1001RU\NLR\BIBL_A\012375459
_12001#$aРусский язык$eучебник для 3 класса общеобразовательных организаций, реализующих АООП НОО слабослышащих и позднооглохших обучающихся в соответствии с ФГОС НОО ОВЗ$eв двух частях$fА. Г. Зикеев$vЧ. 2
_1700#1$aЗикеев$bА. Г.$gАнатолий Георгиевич
_911596265
_aЗикеев, А. Г. (1921-2009)
_cМосква
_d2020
_fА. Г. Зикеев
_nВЛАДОС
_oучебник для 3 класса общеобразовательных организаций, реализующих АООП НОО слабослышащих и позднооглохших обучающихся в соответствии с ФГОС НОО ОВЗ : в двух частях
_tРусский язык
_y9785001360964
_vЧ. 2
942 _cBOOK
980 _aNB